000 00907cam a2200289 4500
005 20260322212038.0
008 data
010 _a 72011949
020 _a0691017921
020 _a9780691017921
040 _aDLC
_cDLC
_dDLC
041 1 _aengfreger
050 0 0 _aBF1078
_b.J84 1974
082 0 0 _a154.6/34
100 1 _aJung, C. G.
_d1875-1961.
_q(Carl Gustav),
240 1 0 _aSelected works.
_lEnglish.
_f1974
245 1 0 _aDreams/
_cC. G. Jung.
260 _a[Princeton, N.J.]
_bPrinceton University Press
_c[1974]
300 _axix, 337 p.
_billus.
_c22 cm.
350 _a{dollar}3.95
440 0 _aBollingen series,
_v20
500 _aConsists of papers taken from The Collected works of C. G. Jung, vols. 4, 8, 12, and 16.
504 _aBibliography: p. 299-311.
650 0 _aDreams.
856 4 2 _3Publisher description
_uhttp://www.loc.gov/catdir/description/prin021/72011949.html
001 data
999 _c897
_d897